MARC details
| 000 -CABECERA |
| campo de control de longitud fija |
00848nam a2200205 a 4500 |
| 001 - NÚMERO DE CONTROL |
| campo de control |
000042205 |
| 005 - FECHA Y HORA DE LA ÚLTIMA TRANSACCIÓN |
| campo de control |
20201002040014.0 |
| 008 - DATOS DE LONGITUD FIJA--INFORMACIÓN GENERAL |
| campo de control de longitud fija |
131119s2000 sp f 000 0 spa d |
| 020 ## - NÚMERO INTERNACIONAL ESTÁNDAR DEL LIBRO |
| Número Internacional Estándar del Libro |
8400078772 |
| 040 ## - FUENTE DE LA CATALOGACIÓN |
| Centro catalogador/agencia de origen |
DO-SdBNP |
| Lengua de catalogación |
spa |
| Centro/agencia transcriptor |
BNPHU |
| 245 00 - MENCIÓN DE TÍTULO |
| Título |
Siete Palabras de Cristo en la cruz / |
| Mención de responsabilidad, etc. |
estudio y edición José Vicente González Valle. |
| 246 10 - FORMA VARIANTE DE TÍTULO |
| Título propio/Titulo breve |
7 Palabras de Cristo en la cruz |
| 260 ## - PUBLICACIÓN, DISTRIBUCIÓN, ETC. |
| Lugar de publicación, distribución, etc. |
Barcelona : |
| Nombre del editor, distribuidor, etc. |
Consejo Superior de Investigaciones Científicas, |
| Fecha de publicación, distribución, etc. |
2000. |
| 300 ## - DESCRIPCIÓN FÍSICA |
| Extensión |
1 partitura (118 p.) : |
| Otras características físicas |
il., mús. ; |
| Dimensiones |
32 cm. |
| 490 1# - MENCIÓN DE SERIE |
| Mención de serie |
Monumentos de la música española |
| Designación de volumen o secuencia |
41 |
| 504 ## - NOTA DE BIBLIOGRAFÍA, ETC. |
| Nota de bibliografía, etc. |
Incluye referencias bibliográficas y notas al pie de las páginas |
| 700 1# - PUNTO DE ACCESO ADICIONAL--NOMBRE DE PERSONA |
| Nombre de persona |
González Valle, José Vicente |
| 9 (RLIN) |
67437 |
| 710 2# - PUNTO DE ACCESO ADICIONAL--NOMBRE DE ENTIDAD CORPORATIVA |
| Nombre de entidad corporativa o nombre de jurisdicción como elemento de entrada |
Consejo Superior de Investigaciones Científicas |
| 9 (RLIN) |
4786 |
| 830 #0 - PUNTO DE ACCESO ADICIONAL DE SERIE-TÍTULO UNIFORME |
| Título uniforme |
Monumentos de la música española |
| Designación de volumen o secuencia |
41 |
| 9 (RLIN) |
65588 |